Open Data Biblioteca Nacional de Portugal


República Portuguesa: Ministério da Cultura
Biblioteca Nacional de Portugal

Catálogo da BNP: acesso por Identificadores Unívocos
Registos Bibliográficos associados ao registo de autoridade

Etiqueta de registo: 00000nam 2200025 450
001 1993117
003 http://id.bnportugal.gov.pt/bib/catbnp/1993117
010 ## $a978-972-8241-74-2
021 ## $aPT$b428104/17
100 ## $a20180620d2017 m d0pory01030103ba
101 0# $apor$aspa$afre
102 ## $aPT
105 ## $aa b 000yy
106 ## $ar
200 1# $aVictor Mendes, toureiro universal$fcoord. Fátima Faria Roque, Fátima Pires$gtextos Alain Lartigue... [et al.]$gfot. Arjona... [et al.]
210 #9 $aVila Franca de Xira$cCâmara Municipal de Vila Franca de Xira$cMuseu Municipal de Vila Franca de Xira,$dD.L. 2017
215 ## $a196, [6] p.$cil.$d25 cm
675 ## $a929Mendes, Victor(083.82)$vBN$zpor$31718899
675 ## $a791.8Mendes, Victor(083.82)$vBN$zpor$31718900
675 ## $a061.4$vBN$zpor$3288771
702 #1 $aRoque,$bFátima Faria$4340$31522941
702 #1 $aPires,$bFátima$4340$31033294
702 #1 $aLartigue,$bAlain$4070$31717277
702 #1 $aArjona,$f1921-2000$4600$31717278
801 #0 $aPT$bBN$gRPC
856 41 $uhttp://rnod.bnportugal.gov.pt/ImagesBN/winlibimg.aspx?skey=&doc=1993117&img=111457&save=true
966 ## $lBN$mFGMON$sH.G. 76248 V.$x1
966 ## $lBN$mFGMON$sH.G. 76248 V.-D$x1

Etiqueta de registo: 00254nkm 2200109 450
001 2287782
003 http://id.bnportugal.gov.pt/bib/catbnp/2287782
100 ## $a20260612d1983 m y0pory01030103ba
101 0# $apor
102 ## $aPT
200 1# $aMonumental do Montijo, sábado 30-abril-83$bVisual gráfico]$fEmpresa José J. Branco, Lda.$g[fotografias] Arjona
210 #9 $a[S.l.]$cEmpresa José J. Branco, Lda.,$d1983$eChamusca :$gTip. "A Persistente")
215 ## $a1 cartaz$ccolor.$d75x40 cm
300 ## $aAtuação dos cavaleiros Domecq, Vidrié, Zoio, J. Telles
675 ## $a791.8(469.412)"1983"(084.5)$vBN$zpor$31031682
675 ## $a766(=1:469)"198"(084.5)$vBN$zpor$31302430
702 #1 $aArjona,$f1921-2000$4600$31717278
710 02 $aEmpresa José J. Branco$31237588
801 #0 $aPT$bBN$gRPC
966 ## $lBN$mICONOG$sCT. 8095 R.
971 ## $ctoliveira$d20260612

OpendataBNP@bnportugal.pt | Mais informação sobre acesso aos dados BNP